000
00308nam a2200157Ia 4500
100
_a
Wood Michael
942
_c
BK
366
_f
17.5
654
_a
india
245
_a
The story of India
260
_b
BBC Books
_c
2007
082
_a
808.83/WOO
_b
WOO
300
_a
319
546
_a
ENGLISH
999
_c
29220
_d
29220